¿Justificar la Guerra? : discursos y prácticas en torno a la legitimación del uso de la fuerza y su licitud en el Derecho Internacional /

Guardado en:
Otros Autores: Conforti, Simón, Español, Diana G., García, Lila E., Giosa, Laura M., Green Martinez, Sebastián A., Heffes, Ezequiel, Kotlik, Marcos D., Lutertein, Natalia M., Maisley, Nahuel, Mesquiatti, Carla G., Pejlatowicz, Pablo M., Pezzot, Romina E., Ritchie, David, Sujodolski, Renso A.
Formato: Libro
Idioma:Spanish
Publicado: Buenos Aires : Eudeba, 2014
Edición:1a. ed.
Series:Estudios
Materias:
Etiquetas: Agregar Etiqueta
Sin Etiquetas, Sea el primero en etiquetar este registro!
LEADER 01102nam a22003375a 4500
001 DER.der012732
008 180615s2014####ag#||||||||||||||#||spa||
005 20250806153129.0
245 1 0 |a ¿Justificar la Guerra? :  |b discursos y prácticas en torno a la legitimación del uso de la fuerza y su licitud en el Derecho Internacional /  |c dirigido por Emiliano J. Buis. 
250 |a 1a. ed. 
260 |a Buenos Aires :  |b Eudeba,  |c 2014 
300 |a 350 p. 
490 1 |a Estudios 
020 |a 9789502322711 
100 1 |a Buis, Emiliano J.,  |e dir. 
700 1 |a Conforti, Simón 
700 1 |a Español, Diana G. 
700 1 |a García, Lila E. 
700 1 |a Giosa, Laura M. 
700 1 |a Green Martinez, Sebastián A. 
700 1 |a Heffes, Ezequiel 
700 1 |a Kotlik, Marcos D. 
700 1 |a Lutertein, Natalia M. 
700 1 |a Maisley, Nahuel 
700 1 |a Mesquiatti, Carla G. 
700 1 |a Pejlatowicz, Pablo M. 
700 1 |a Pezzot, Romina E. 
700 1 |a Ritchie, David 
700 1 |a Sujodolski, Renso A. 
650 7 |a DERECHO INTERNACIONAL 
859 |a DERECHO  |b BIB. DERECHO  |h 340.9  |i JUS  |p 003336